ECOTOURISM and other services derived from forests in the Asia-Pacific region : outlook to 2010

Bibliographic Details
Corporate Author: Food and Agriculture Organization of the United Nations (FAO)
Other Authors: Lindberg
Format: Book
Published: Rome : Food and Agriculture Organization of the United Nations , 1997
Series:Asia-Pacific forestry sector outlook study working paper series ; no. APFSOS/WP/24
Subjects:

MARC

LEADER 00000cam a2200000 7i4500
001 0000002861
005 20040127.0
090 0 0 |a FAO338.4791   |b ECO 1997 
245 0 0 |a ECOTOURISM and other services derived from forests in the Asia-Pacific region :   |b outlook to 2010   |c by Kreg Lindberg ... (et al.) 
260 0 0 |a Rome :   |b Food and Agriculture Organization of the United Nations ,   |c 1997 
300 |a 81 p. ;   |c 30 cm. 
440 0 0 |a Asia-Pacific forestry sector outlook study working paper series ; no. APFSOS/WP/24 
500 0 0 |a Bibliography : p. 49-60 
650 0 0 |a Ecotourism   |z Asia 
650 0 0 |a Ecotourism   |z Pacific area 
700 0 1 |a Lindberg   |h Kreg 
710 1 1 |a Food and Agriculture Organization of the United Nations (FAO) 
998 |a JPSM 
999 |a 0000004764   |b Monograph   |c Food and Agriculture Organization   |e Default branch 
999 |a 0000004765   |b Monograph   |c Food and Agriculture Organization   |e Default branch